000
00215nam a2200085Ia 4500
008
170524s9999 xx 000 0 und d
100
_a
Domkundwar V M
245
2
_a
A Cource in internal Combustion Engines
260
_b
Dhanpat Rai
260
_c
2009
999
_c
5591
_d
5591